000 00286nam a22001337a 4500
008 170824b xxu||||| |||| 00| 0 eng d
020 _a0486657795
041 _aeng
080 _a514
100 _a38
101 _aMAT
245 _aGEOMETRY AND SYMMETRY
_cYALE,P.B
942 _2udc
_cBK
999 _c24769
_d24769